01856 a2200169 45000010006000000050017000060080041000230030015000640400040000790800078001192450135001972640034003323000018003665051200003840410008015848560094015924138720260407155708.0260407a2013 arg spa dAR-UNSa-BCEJYS aAR-UNSa-BCEJYSbspacAR-UNSa-BCEJYS a336.226.1xImpuestos a las ganancias o los beneficios (Impuesto Diferido)10aRégimen de retención del impuesto a las ganancias para empleados en relación de dependenciapRG (AFIP) 2437 y modificatorias 1aBuenos Aires :bErreparc2013 a25 p.c21 cm. a1. ¿Cuál es la forma de cálculo de la retención? - 2. ¿Hay algún item que esté exento o no gravado para el cálculo de la retención? - 3.¿Qué conceptos se pueden deducir para el cálculo de la retención? - 4. Requisitos para la procedencia de las distintas deducciones - 5. ¿Cómo se informan estas deducciones al empleador? - 6. ¿Cómo debe proceder el empleado si tiene más de un empleador? - 7. ¿Qué empleados se encuentran obligados a presentar la DDJJ de ganancias? ¿Deben inscribirse en el impuesto? - 8. ¿Qué empleados se encuentran obligados a presentar la DDJJ de bienes personales? ¿Deben inscribirse en el impuesto? - 9. Vencimiento de las DDJJ de ganancias y de bienes personales 10. Carácter de las retenciones efectuadas a los empleados. Cómputo en la declaración jurada del impuesto a las ganancias. Saldos a favor, posibilidades de utilización - 11. Forma de ingreso de las retenciones. Saldo a favor del empleador - 12. Tabla de deducciones personales. Período fiscal 2013. Importes de las deducciones acumuladas correspondientes a cada mes - 13. Escala utilizable para el cálculo de las retenciones mensuales - 14. Caso práctico aspa41uhttps://biblioeco.unsa.edu.ar/pmb/images/libros/E00050.jpgyImagen de portadaqimage/jpeg